• 首页
  • 本馆介绍
  • 公告通知
  • 最新文献
  • 馆藏检索
  • 电子资源
  • 读者导购
  • 参考咨询
  • 我的图书馆
  • 登录
  • 详细信息显示
  • 放入我的书架
  • 预约/预借图书
  • 作者相关作品
  • 分类相关作品
  • 丛书相关作品
  • 出版社相关作品

书目信息

  • 表格格式
  • 工作单格式
  • 卡片格式
题名:
当代电影美学文选
    
 
作者: 张卫 , 蒲震元 , 周涌 , 张卫 主编
分册:  
出版信息: 北京   北京广播学院出版社  2000
页数: 425页
开本: 24cm
丛书名: 电影学书系
单 册:
中图分类: J901
科图分类:
主题词: 电影美学--dian ying mei xue--研究--文集
电子资源:
ISBN: 7-81004-918-6
000 00935nam0 2200289 45
001 CAL 012001205872
005 20031219104054.1
010    @a7-81004-918-6@dCNY49.00
100    @a20010327d2000 ekmy0chiy0121 ea
101 0  @achi
102    @aCN@b110000
105    @ay z 000yy
106    @ar
200 1  @a当代电影美学文选@Adang dai dian ying mei xue wen xuan@f张卫, 蒲震元, 周涌主编@FZhang Wei,Pu Zhen Yuan,Zhou Yong Zhu Bian@zeng
210    @a北京@c北京广播学院出版社@d2000
215    @a425页@d24cm
225 2  @a电影学书系@Adian ying xue shu xi@i当代电影论丛
410  0 @12001 @a电影学书系
410  0 @12001 @a当代电影论丛
606    @a电影美学@Adian ying mei xue@x研究@j文集
690    @aJ901@v4
701  0 @a张卫@Azhang wei@4主编
701  0 @a蒲震元@4主编@Apu zhen yuan@4主编
701  0 @a周涌@4主编@Azhou yong@4主编
701  0 @a张卫@4主编
801    @aCN@bTSTC@c20020408
905    @b307613-617@dJ901@e75@f5
    
    当代电影美学文选/张卫, 蒲震元, 周涌主编.-北京:北京广播学院出版社,2000
    425页;24cm.-(电影学书系.当代电影论丛)
    
    
    ISBN 7-81004-918-6:CNY49.00
    
●
相关链接 在E读中查询图书 在五车中查询图书 在当当中查询图书 在豆瓣中查询图书


正题名:当代电影美学文选     索取号:J901/75         预约/预借

序号 登录号 条形码 馆藏地/架位号 状态 备注
1 0307613   203076134   第一借阅区/ [索取号:J901/75] 在馆    
2 0307614   203076143   第一借阅区/ [索取号:J901/75] 在馆    
3 0307615   203076152   第一借阅区/ [索取号:J901/75] 在馆    
4 0307616   203076161   第一借阅区/ [索取号:J901/75] 在馆    
5 0307617   203076170   第一样本阅览室/ [索取号:J901/75] 在馆    
唐山师范学院图书馆 欢迎您!
大连网信软件有限公司© 版权所有